Pokémon - Les attaques de Lovdisc - Statistiques

Statistiques générales
  • Ce quiz a été pris 26 fois
  • Le résultat moyen est 9 sur 17
Statistiques - réponses
Niveau Type de quiz Noms des attaques % Correct
Niveau 46 Eau Hydrocanon
94%
Départ Normal Charge
88%
Départ Fée Charme
88%
Niveau 4 Eau Pistolet à O
88%
Niveau 31 Fée Doux Baiser
71%
Niveau 17 Eau Vibraqua
65%
Niveau 20 Normal Attraction
59%
Niveau 40 Eau Anneau Hydro
53%
Niveau 9 Fée Vampibaiser
47%
Niveau 34 Normal Bélier
41%
Niveau 42 Eau Détrempage
41%
Niveau 37 Normal Séduction
41%
Niveau 7 Psy Hâte
35%
Niveau 26 Normal Fléau
29%
Niveau 49 Normal Rune Protect
18%
Niveau 22 Psy Crève-Cœur
6%
Niveau 13 Normal Air Veinard
0%
Aucun quiz correspondant
Distribution des résultats
% des personnes avec chaque résultat
Percentile par nombre de réponses
Votre historique - résultats
Vous n’avez pas pris ce quiz